000 00963cab a2200229 4500
001 ABS37751
008 090401t1987 xxu||||| |||| 00| 0 eng d
035 _a(Sirsi) u6582
041 _aeng
100 _aSyms, P.
245 _aValuation of industrial investments
260 _c1987
350 _a0
490 _aEstates Gazette
_v282(6336) 30 May 1987, 1116(1)
520 _aResearch into the effect of the enterprise zone scheme on industrial rent concluded that rent levels inside the zone were higher than those on the periphery, owing to landlords expropriating approximately two-thirds of the rates exemption benefit. Since publication of those results, several requests have been received by the author for comment on freehold and long-leasehold values. (Journal abstract).
650 _aCORPORATION TAX
650 _aINDUSTRIAL BUILDING ALLOWANCE
650 _aTAXATION
690 _aRATING AND VALUATION
942 _n0
948 _c04/03/1997
999 _c3935
_d3935